000 00635nam a2200241Ia 4500
003 OSt
005 20220924135325.0
006 a|||||r|||| 00| 0
007 ta
008 220923b |||||||| |||| 00| 0 ben d
024 _a290517
037 _cTextual
040 _aARTS
_cARTS
_bben
041 _2ben
_aben
082 _aO111,3M47,1, 157L8
100 _aStoker Bram
_9210073
245 0 _aJewel of seven stars
260 _c1978
650 _aENGLISH LITERATURE
700 _a Das Bishu Tr.
_9210074
942 _hO111,3M47,1, 157L8
_cTEXL
_2CC
999 _c440274
_d440274